La parabole des talents - Statistiques

Statistiques générales
  • Ce quiz a été pris 32 fois
  • Le résultat moyen est 9 sur 12
Statistiques - réponses
Questions Réponses % Correct
Évangiles qui rapportent la parabole des talents. L'Évangile selon saint Matthieu
97%
Nombre de talents confiés au troisième et dernier serviteur Un
97%
Nombre de talents confiés au deuxième serviteur. Deux
93%
Être que représente le Maître dans la parabole. Dieu
93%
Évangiles qui rapportent la parabole des talents. L'Évangile selon saint Luc
93%
Nombre de talents confiés au premier serviteur. Cinq
86%
Ce qu'était un talent à l'époque de la Révélation. Une unité de mesure
83%
Père de l'Église pour qui la fructification des talents symbolise le bon usage"des cinq sens du corps pour croire et annoncer les œuvres de Dieu et nourrir l’amour de Dieu", ou encore le bon usage "de l’action et de la connaissance pour pacifier sa nature et connaître Dieu" Saint Augustin
69%
Analyste politique français et précurseur de la sociologie qui insistait sur le fait que la parabole des talents donnait le droit à l'erreur, à l'échec ou encore à la faillite, ce qui n'a rien de déshonorant et vaut mieux que de ne rien tenter. Alexis de Tocqueville
41%
Film de Pierre Schoendoerffer dans lequel est évoquée la parabole des talents et selon lequel le respect d'une parabole donnée est un talent. Le Crabe-Tambour
41%
Nom sous lequel est connu la parabole dans ce second Évangile cité ci-dessus. La parabole des mines
38%
Père de l'Église qui, dans son homélie 79, interprète les talents comme la représentation de tout ce qui est à notre disposition pour parvenir au salut : l'intelligence, la parole, les forces physiques, les richesses ou la position sociale. Saint Jean Chrysostome
38%
Aucun quiz correspondant
Distribution des résultats
% des personnes avec chaque résultat
Percentile par nombre de réponses
Votre historique - résultats
Vous n’avez pas pris ce quiz